000 00341nam a2200133Ia 4500
005 20260328104317.0
008 260328s9999||||xx |||||||||||||| ||und||
100 _aVargas, Patricia
245 0 _aInfraEstructura educativa en el PaĆ­s /
_cPatricia Vargas
260 _bLara Bisch
300 _a179 p.
650 _aARQUITECTURA
942 _cBK
999 _c11191
_d11191